000 00378 a2200133 4500
003 Nust
005 20170207154039.0
040 _cNust
100 _aMonson, Philip
245 _aIBM WebSphere Application Server V6.1 on the Solaris 10 Operating System (E-BOOK)
_cPhilip Monson
260 _aInternational Business Machines Corporation
_bUSA
_c2008
300 _a492 p
651 _aE-BOOK
942 _2ddc
_cBK
999 _c192537
_d192537